Stolice stanów USA A-Z - Statystyki

Ogólne statystyki
  • Ten quiz został rozwiązany 32 razy
  • Średni wynik to 13 z 16
Statystyki odpowiedzi
Litera Stolica % Poprawnych
B Bismarck I Baton Rouge I Boise I Boston
100%
A Atlanta I Albany I Annapolis I Augusta I Austin
96%
H Harrisburg I Helena I Honolulu I Hartford
92%
S Sacramento I Salt Lake City I Salem ISaint Paul I Santa Fe I Springfield
92%
D Denver I Des Moines I Dover
88%
I Indianapolis
84%
O Oklahoma City I Olympia
84%
R Raleigh I Richmond
84%
N Nashville
80%
J Jackson I Jefferson City I Juneau
76%
L Lansing I Little Rock I Lincoln
76%
C Carson City I Charleston I Cheyenne I Columbia I Columbus
I Concord
68%
F Frankfort
68%
P Phoenix I Pierre I Providence
68%
T Topeka I Tallahassee I Trenton
64%
M Montgomery I Madison I Montpelier
48%
Nie znaleziono quizów pasujących do podanych kryteriów
Rozkład punktacji
Procent ludzi z każdym wynikiem
Percentyl według liczby udzielonych odpowiedzi
Twoja historia wyników
Nie rozwiązałeś tego quizu